000 03239cam a2200541 i 4500
001 data
003 data
005 20260322212121.0
007 data
008 data
906 _a7
_bcbc
_ccopycat
_d2
_encip
_f20
_gy-gencatlg
925 0 _aacquire
_b1 shelf copy
_xpolicy default
936 _aBATCHLOAD
955 _erp10 2025-08-29
010 _a 2025410540
020 _a9781529438123
_qhardcover
020 _a1529438128
020 _z9781529438130
_qebook
035 _a(OCoLC)1517419487
040 _aUKYRK
_beng
_erda
_cUKYRK
_dDLC
_dOCLCQ
_dKGSCL
_dDLC
_dDLC-MRC
_dDLC
042 _alccopycat
050 0 0 _aSB453.5
_b.R37 2025
082 0 4 _a635
_223
100 1 _aRasmussen, Amanda M. C.
_eauthor
_4http://id.loc.gov/vocabulary/relators/aut
_4http://id.loc.gov/vocabulary/relators/aut
_0http://id.loc.gov/authorities/names/nr2002026401
_1http://id.loc.gov/rwo/agents/nr2002026401
245 1 0 _aWhat to grow for a climate resilient garden /
_cDr Amanda Rasmussen.
264 1 _aLondon :
_bGreenfinch,
_c2025.
300 _a223 pages
_billustrations (color)
_c26 cm
334 _asingle unit
_bmono
_0http://id.loc.gov/vocabulary/issuance/mono
336 _atext
_btxt
_2rdacontent
_0http://id.loc.gov/vocabulary/contentTypes/txt
336 _astill image
_bsti
_2rdacontent
_0http://id.loc.gov/vocabulary/contentTypes/sti
337 _aunmediated
_bn
_2rdamedia
_0http://id.loc.gov/vocabulary/mediaTypes/n
338 _avolume
_bnc
_2rdacarrier
_0http://id.loc.gov/vocabulary/carriers/nc
340 _pillustrations
_0http://id.loc.gov/vocabulary/millus/ill
353 _abibliography
_bbibliography
_0http://id.loc.gov/vocabulary/msupplcont/bibliography
353 _aindex
_bindex
_0http://id.loc.gov/vocabulary/msupplcont/index
500 _aPublished in association with the Royal Horticultural Society.
504 _aIncludes bibliographical references and index.
520 _a'What to Grow for a Climate Resilient Garden' urges green-thumbed readers that are conscious of the environment to think deeper about the impact of maintaining a thriving garden on the future of the planet, and vice versa. With easy, practical ideas, it is the ideal book for experienced gardeners and a growing environmentally-inclined public looking for ways to make a difference. Eminent plant expert Dr Amanda Rasmussen explains what makes particular plants suited to certain conditions, along with easy-to-implement ideas for forward-thinking gardeners.
650 0 _aGardening
_0http://id.loc.gov/authorities/subjects/sh85053089
650 6 _aJardinage
650 7 _agardening
_2aat
650 7 _aGardening
_2ukslc
710 2 _aRoyal Horticultural Society (Great Britain)
_eassociated with work
_0http://id.loc.gov/authorities/names/n80002921
_1http://id.loc.gov/rwo/agents/n80002921
758 _1http://id.loc.gov/resources/instances/in00024305220
758 _4http://id.loc.gov/ontologies/bibframe/instanceOf
_1http://id.loc.gov/resources/works/in00024305220
884 _aDLC bibframe2marc v3.0-dev
_g20250829
_qDLC
_uhttps://github.com/lcnetdev/bibframe2marc/tree/v3.0-dev
985 _eBIBFRAME
_d2025-08-29T09:46:01
999 _c1863
_d1863